TERMICKÁ ANALÝZA HOŘČÍKOVÝCH SLITIN

Bibliographic Details
Main Authors: Čížek, Lubomír (Author), Kořený, Rudolf (Author), Kozelský, Petr (Author), Konečná, Radomila, 1953- (Author), Pawlica, Libor (Author)
Format: Article
Language:Czech

MARC

LEADER 00000nab a2200000 a 4500
001 vtls011122297
003 SK-MaSNL
005 20260303143836.0
008 230222|2003 xo |||||||||||||||||cze|
015 |a SNBRB 
035 |a (uuid)76bb5368-7c1c-494b-8103-58b61e952fe7 
035 |a (urnnbn)urn:nbn:sk:snk:ar-a08wtu 
035 |a urn:nbn:sk:snk-ab9udk 
040 |a SNKBUCL  |b slo  |c SNKBUCL  |e AACR2 
041 0 |a cze 
044 |a xo  |c SK 
100 1 |a Čížek, Lubomír  |4 aut  |9 1132191 
245 1 0 |a TERMICKÁ ANALÝZA HOŘČÍKOVÝCH SLITIN  |c Lubomír Čížek, Rudolf Kořený, Petr Kozelský, Radomila Konečná, Libor Pawlica 
246 3 |a THERMAL ANALYSIS OF MAGNESIUM ALLOYS 
700 1 |a Kořený, Rudolf  |4 aut  |9 316077 
700 1 |a Kozelský, Petr  |4 aut  |9 798830 
700 1 |a Konečná, Radomila,  |d 1953-  |4 aut  |9 224241 
700 1 |a Pawlica, Libor  |4 aut  |9 1164997 
773 0 |t Materiálové inžinierstvo  |g Roč. 10, č. 3 (2003), s. 339-342 
958 |a OND 
958 |a EUIPO 
958 |a article13 
999 |c 1992721  |d 1994651